Movies by release date 00's & 10's - Statistics

General Stats
  • This quiz has been taken 33 times
  • The average score is 11 of 20
Answer Stats
Movie Year % Correct
The Wolf of Wall Street 2013
94%
Bohemian Rhapsody 2018
90%
Inglorious Basterds 2009
87%
Frozen 2012
71%
Django Unchained 2012
68%
Gladiator 2000
65%
Intouchables 2011
61%
Ford v. Ferrari 2019
61%
Avatar 2009
55%
Shutter Island 2010
52%
Hacksaw Ridge 2016
48%
Eternal Sunshine of the Spotless Mind 2004
45%
Donnie Darko 2001
42%
1917 2019
42%
Snatch 2000
39%
Gran Torino 2008
39%
Requiem for a Dream 2000
35%
Captain Phillips 2013
32%
Le Fabuleux Destin d'Amélie Poulain 2001
23%
Hotel Rwanda 2004
23%
No matching quizzes found
Score Distribution
Percent of People with Each Score
Percentile by Number Answered
Your Score History
You have not taken this quiz